Pitch Perfect First Names - Statistics

General Stats
  • This quiz has been taken 499 times
  • The average score is 9 of 13
Answer Stats
Hint Answer % Correct
Mitchell Beca
99%
Posen Aubrey
93%
Beale Chloe
93%
Onakuramara Lilly
84%
Swanson Jesse
80%
Junk Emily
79%
Applebaum Benjamin
76%
Allen Bumper
72%
Conrad Stacie
72%
Abernathy-McKadden Gail
48%
Smith John
47%
Fuentes Florencia
42%
Kramer Pieter
12%
No matching quizzes found
Score Distribution
Percent of People with Each Score
Percentile by Number Answered
Your Score History
You have not taken this quiz